000 00318nam a22001217a 4500
008 181105b xxu||||| |||| 00| 0 eng d
041 _aeng
080 _a616.073
100 _a5
101 _aRAD
245 _aThe Correlated Lecture Lbaoratory In Diagnnostic Radiological Physics
_cLmel.A.D
942 _2udc
_cBK
999 _c51885
_d51885